| 000 | 01921cam a22004694a 4500 | ||
|---|---|---|---|
| 001 | 14994275 | ||
| 003 | NUST | ||
| 005 | 20220519144903.0 | ||
| 008 | 070905s2008 dcu 001 0 eng | ||
| 010 | _a 2007035694 | ||
| 020 | _a9781555814274 (alk. paper) | ||
| 020 | _a1555814271 (alk. paper) | ||
| 035 | _a(OCoLC)ocn170203105 | ||
| 035 |
_a(OCoLC)170203105 _z(OCoLC)166372898 |
||
| 038 | _aArshad | ||
| 040 |
_aDLC _cDLC _dYDX _dBAKER _dBTCTA _dHHO _dCYB _dYDXCP _dDLC |
||
| 050 | 0 | 0 |
_aQR56 _b.R598 2008 |
| 082 | 0 | 0 |
_a616.9041 _bROT |
| 100 | 1 |
_aRotbart, Harley A. _97586 |
|
| 245 | 1 | 0 |
_aGerm proof your kids : _bthe complete guide to protecting (without overprotecting) your family from infections / _cHarley A. Rotbart. |
| 260 |
_aWashington, DC : _bASM Press, _c2008. |
||
| 300 |
_axiii, 380 p. ; _c26 cm. |
||
| 500 | _aIncludes index. | ||
| 505 | 0 | _aIntroduction: The germ theory versus my mom's theory -- Worthy enemies -- Weapons in the war -- Wear your boots in the rain -- Wisdom of the ages. | |
| 563 | _aPBK | ||
| 650 | 0 |
_aMicrobiology _vPopular works. |
|
| 650 | 0 |
_aInfection _vPopular works. _97588 |
|
| 650 | 0 |
_aHygiene. _97589 |
|
| 650 | 2 |
_aMicrobiology _vPopular Works. |
|
| 650 | 2 |
_aCommunicable Diseases _xmicrobiology _vPopular Works. _97591 |
|
| 650 | 2 |
_aBacterial Infections _vPopular Works. _97592 |
|
| 650 | 2 |
_aVirus Diseases _vPopular Works. _97593 |
|
| 650 | 2 |
_aInfection Control _vPopular Works. _97594 |
|
| 650 | 2 |
_aImmunity _vPopular Works. _97595 |
|
| 650 | 2 |
_aHygiene _vPopular Works. _97596 |
|
| 650 | 2 |
_aPediatrics _vPopular Works. _97597 |
|
| 650 | 2 |
_aChild. _95537 |
|
| 856 | 4 | 1 |
_3Table of contents only _uhttp://www.loc.gov/catdir/toc/ecip0726/2007035694.html |
| 906 |
_a7 _bcbc _corignew _d1 _eecip _f20 _gy-gencatlg |
||
| 942 |
_2ddc _cBK |
||
| 999 |
_c589831 _d589831 |
||